African countries (Very Hard +) - Statistics

General Stats
  • This quiz has been taken 40 times
    14 since last reset
  • The average score is 44 of 67
Answer Stats
Capital Country % Correct
Dakar Senegal
92%
Algiers Algeria
77%
Luanda Angola
77%
Ouagadougou Burkina Faso
77%
Yaoundé Cameroon
77%
N'Djamena Chad
77%
Djibouti Djibouti
77%
Addis Ababa Ethiopia
77%
Libreville Gabon
77%
Tripoli Libya
77%
Lilongwe Malawi
77%
Rabat Morocco
77%
Maputo Mozambique
77%
Freetown Sierra Leone
77%
Mogadishu Somalia
77%
Moroni Comoros
69%
Cairo Egypt
69%
Ciudad de la Paz Equatorial Guinea
69%
Asmara Eritrea
69%
Conakry Guinea
69%
Nairobi Kenya
69%
Maseru Lesotho
69%
Monrovia Liberia
69%
Bamako Mali
69%
Nouakchott Mauritania
69%
Port Louis Mauritius
69%
Abuja Nigeria
69%
Brazzaville Republic of the Congo
69%
Kigali Rwanda
69%
El Aaiún Sahrawi Arab Democratic Republic
69%
São Tomé São Tomé and Príncipe
69%
Juba South Sudan
69%
Khartoum Sudan
69%
Dodoma Tanzania
69%
Tunis Tunisia
69%
Kampala Uganda
69%
Sanaa (Socotra) Yemen
69%
Lusaka Zambia
69%
Zanzibar Zanzibar
69%
Harare Zimbabwe
69%
Porto-Novo Benin
62%
Gaborone Botswana
62%
Gitega Burundi
62%
Praia Cape Verde
62%
Bangui Central African Republic
62%
Mbabane Eswatini
62%
Accra Ghana
62%
Bissau Guinea-Bissau
62%
Rome (Pelagie Islands) Italy
62%
Yamoussoukro/Abidjan Ivory Coast
62%
Antananarivo Madagascar
62%
Windhoek Namibia
62%
Niamey Niger
62%
Lisbon (Madeira) Portugal
62%
Saint Denis Réunion
62%
Victoria Seychelles
62%
Bloemfontein/Cape Town/Pretoria South Africa
62%
Banjul The Gambia
62%
Lomé Togo
62%
Kinshasa Democratic Republic of the Congo
54%
Hargeisa Somaliland
54%
Madrid (Canary Islands) Spain
54%
Mamoudzou Mayotte
46%
Jamestown Saint Helena
38%
Georgetown Ascension
31%
Edinburgh of the Seven Seas Tristan da Cunha
31%
Saint Pierre French Southern and Antarctic Lands
15%
No matching quizzes found
Score Distribution
Percent of People with Each Score
Percentile by Number Answered
Your Score History
You have not taken this quiz since the last reset